000 01114cam a2200313 i 4500
999 _c16225
_d16225
008 121211s2014 caua 001 0 eng
020 _a9781133365426 (pbk.)
020 _a1133365426
050 0 0 _aQA152.3 .A86 2014
100 1 _aAufmann, Richard N.
245 1 0 _aPrealgebra and introductory algebra :
_ban applied approach /
_cRichard N. Aufmann, Palomar College ; Joanne S. Lockwood, Nashua Community College.
250 _a3rd ed.
300 _a1 volume (various pagings) :
_billustrations ;
_c28 cm
500 _aIncludes index.
650 0 _aAlgebra
_vTextbooks.
700 1 _aLockwood, Joanne S.
942 _2lcc
_cBOOKS
_hQA152.3 .A86 2014